Les entraineurs du PSG au XXIème siècle - Statistiques

Statistiques générales
  • Ce quiz a été pris 868 fois
  • Le résultat moyen est 8 sur 12
Statistiques - réponses
Date Nationalité Entraineur % Correct
2013-2016 🇫🇷 Laurent Blanc
97%
2018-2020 🇩🇪 Thomas Tuchel
97%
2022- 🇫🇷 Christophe Galtier
94%
2011-2013 🇮🇹 Carlo Ancelotti
92%
2016-2018 🇪🇸 Unai Emery
91%
2021-2022 🇦🇷🇪🇸 Mauricio Pochettino
90%
2009-2011 🇫🇷 Antoine Kombouaré
69%
2000-2003 🇫🇷 Luis Fernandez
51%
2007-2009 🇫🇷 Paul Le Guen
41%
2003-2005 🇧🇦🇫🇷 Vahid Halilhodzic
24%
2006-2007 🇫🇷 Guy Lacombe
21%
2005-2006 🇫🇷 Laurent Fournier
17%
Aucun quiz correspondant
Distribution des résultats
% des personnes avec chaque résultat
Percentile par nombre de réponses
Votre historique - résultats
Vous n’avez pas pris ce quiz